Beyond the apsara: (Record no. 38852)
[ view plain ]
| 000 -LEADER | |
|---|---|
| fixed length control field | 00947nam a22002537a 4500 |
| 005 - DATE AND TIME OF LATEST TRANSACTION | |
| control field | 20100803105616.0 |
| 010 ## - LCCN (DPL NO) | |
| LC control number | ENG-97832 |
| 020 ## - INTERNATIONAL STANDARD BOOK NUMBER | |
| International Standard Book Number | 9780415564458 |
| Terms of availability | 595.00 |
| 035 ## - SYSTEM CONTROL NUMBER | |
| System control number | EN-81365 |
| 037 ## - SOURCE OF ACQUISITION | |
| Source of stock number/acquisition | DBAD/PUB |
| 082 ## - DEWEY DECIMAL CLASSIFICATION NUMBER | |
| Classification number | 792.809596 |
| 245 ## - TITLE STATEMENT | |
| Title | Beyond the apsara: |
| Remainder of title | celebrating dance in combodia / |
| Statement of responsibility, etc | edited by Stephanie Burridge [and] Fred Frumberg |
| 260 ## - PUBLICATION, DISTRIBUTION, ETC. (IMPRINT) | |
| Place of publication, distribution, etc | New Delhi |
| Name of publisher, distributor, etc | Routledge |
| Date of publication, distribution, etc | 2010 |
| 270 ## - ADDRESS | |
| Address | 912-915 Tolstoy House, 15-17 Tolstoy Marg |
| City | New Delhi |
| Postal code | 110001 |
| 300 ## - PHYSICAL DESCRIPTION | |
| Extent | xxii,220p. |
| Dimensions | 22cm (Hb) |
| 500 ## - GENERAL NOTE | |
| General note | Includes bibliographical references and index |
| 650 ## - SUBJECT ADDED ENTRY--TOPICAL TERM | |
| Topical term or geographic name as entry element | Cambodia |
| 650 ## - SUBJECT ADDED ENTRY--TOPICAL TERM | |
| Topical term or geographic name as entry element | Dance |
| 650 ## - SUBJECT ADDED ENTRY--TOPICAL TERM | |
| Topical term or geographic name as entry element | Folk Dancing |
| 700 ## - ADDED ENTRY--PERSONAL NAME | |
| Personal name | Burridge, Stephanie |
| 9 (RLIN) | 4744 |
| 700 ## - ADDED ENTRY--PERSONAL NAME | |
| Personal name | Frumberg, Fred |
| 9 (RLIN) | 4745 |
| 942 ## - ADDED ENTRY ELEMENTS (KOHA) | |
| Source of classification or shelving scheme | Dewey Decimal Classification |
| Item type | English Books |
| Classification part | 792.809596 |
| Call number suffix | BEY |
| Withdrawn status | Lost status | Not for loan | Collection code | Home library | Current library | Date acquired | Source of acquisition | Cost, normal purchase price | Full call number | Barcode | Copy number | Cost, replacement price | Koha item type |
|---|---|---|---|---|---|---|---|---|---|---|---|---|---|
| Not For Loan | Non-fiction | D.B.Act.Division | D.B.Act.Division | 03/08/2010 | DBAD/PUB | 595.00 | 792.809596 BEY | EN-81365 | 1 | 595.00 | English Books |
